000 00611nam a2200205Ia 4500
003 OSt
005 20250926155636.0
008 210210b2004 xxu||||| |||| 00| 0 eng d
040 _cAL
041 _aKannada
082 _aK494.5 SHAK
100 _aSHANKARA BHATT (D N).
_dಶಂಕರ ಭಟ್ (ಡಿ ಎನ್)
_9240687
245 _aKannada vakyagala olarachane.
_b ಕನ್ನಡ ವಾಕ್ಯಗಳ ಒಳರಚನೆ.
260 _aMaisuru
_bBhasha Prakashana
_c2004
300 _a280
650 _aVakyagalu
_9240688
690 _aKannada Grammar
_9240689
906 _a059029
942 _2ddc
_cBK
999 _c106217
_d106217